They Shoot Pictures, Don't They? - films 141 to 160 - Statistics

General Stats
  • This quiz has been taken 56 times
  • The average score is 9 of 20
Answer Stats
Picture Hint Answer % Correct
147. United States, 1982 E.T. the Extraterrestrial
100%
155. United States, 1975 One Flew over the Cuckoo's Nest
91%
145. United States, 1939 Gone with the Wind
89%
146. Germany, 1922 Nosferatu
76%
153. Italy, 1966 The Good, the Bad and the Ugly
71%
158. United States, 1979 Manhattan
58%
156. Japan, 1988 My Neighbour Totoro
58%
151. United States, 1974 The Conversation
44%
148. Italy, 1945 Rome, Open City
42%
149. France, 1964 The Umbrellas of Cherbourg
40%
159. Hong Kong, 1994 Chungking Express
38%
152. France, 1983 L'Argent
33%
154. United States, 1978 Days of Heaven
31%
160. Sweden, 1972 Cries and Whispers
29%
157. United States, 1970 Wanda
29%
141. Czechoslovakia, 1966 Daisies
27%
142. United States, 1977 Killer of Sheep
22%
143. France, 1974 Céline and Julie Go Boating
20%
144. France, 1928 Un chien andalou
20%
150. United States, 1932 Trouble in Paradise
9%
No matching quizzes found
Score Distribution
Percent of People with Each Score
Percentile by Number Answered
Your Score History
You have not taken this quiz